| 000 | 02394nam a2200625 i 4500 | ||
|---|---|---|---|
| 001 | 32267 | ||
| 003 | KOSZ 005 | ||
| 005 | 20240405063056.0 | ||
| 008 | 980702s1995 pl a |000 0 pol | ||
| 015 | _aUWD 1996/9199 | ||
| 020 | _a8386467150 | ||
| 035 | _a991004172019705066 | ||
| 035 | _a(PL-WaBN)b11106712-48omnis_nlop | ||
| 035 | _ab11106712 | ||
| 035 | _a(OCoLC)835246072 | ||
| 035 | _a(PL)b0000001110671 | ||
| 035 | _a(EXLNZ-48OMNIS_NETWORK)9910428477305606 | ||
| 040 |
_aWA N _cWA N _dKOSZ 005/HR |
||
| 041 | 1 |
_apol _heng |
|
| 046 | _k1995 | ||
| 080 | _a349.6 | ||
| 080 | _a504.5(4) | ||
| 080 | _a(094.2) | ||
| 245 | 0 | 0 |
_aProtokół do konwencji z 1979 roku w sprawie transgranicznego zanieczyszczania powietrza na dalekie odległości dotyczących dalszego ograniczenia emisji siarki / _cpod red. Stanisława Wajdy i Janusza Żurka ; [tł. z ang. Igor Żurek] ; Instytut Ochrony Środowiska. |
| 260 |
_aWarszawa : _bAgencja Informacyjna GEA, _c[1995]. |
||
| 300 |
_a37, [1] s. : _b1 wykr. ; _c24 cm. |
||
| 336 |
_aTekst _btxt _2rdacontent |
||
| 337 |
_aBez urządzenia pośredniczącego _bn _2rdamedia |
||
| 338 |
_aWolumin _bnc _2rdacarrier |
||
| 380 | _aKsiążki | ||
| 388 | _a1901-2000 | ||
| 388 | _a1989-2000 | ||
| 490 | 1 |
_aKonwencje Międzynarodowe i Uchwały Organizacji Międzynarodowych ; _vz. 10 |
|
| 500 | _aPrzekł. tekstu opubl. przez Europejską Komisję Gospodarczą ONZ jako dok. EB.AIR/84, z 11 marca 1994 r. | ||
| 648 | _a1901-2000 | ||
| 648 | _a1945-1989 | ||
| 648 | _a1989-2000 | ||
| 650 | 7 |
_aPowietrze _2DBN |
|
| 650 | 7 | _aOchrona atmosfery | |
| 650 | 7 |
_aPrzemysł _2DBN |
|
| 650 | 7 | _aZwiązki siarki | |
| 650 | 7 | _aWpływ na środowisko | |
| 650 | 7 |
_aZanieczyszczenia transgraniczne _2DBN |
|
| 651 | 7 | _aEuropa | |
| 658 | _aPrawo i wymiar sprawiedliwości | ||
| 658 | _aOchrona środowiska | ||
| 650 | 7 |
_aUmowa międzynarodowa _2DBN |
|
| 700 | 1 |
_aWajda, Stanisław _c(prawo) _eRedakcja |
|
| 700 | 1 |
_aŻurek, Igor _eTłumaczenie |
|
| 700 | 1 |
_aŻurek, Janusz _eRedakcja |
|
| 830 | 0 |
_aKonwencje Międzynarodowe i Uchwały Organizacji Międzynarodowych _vz. 10 |
|
| 856 |
_uhttp://koha.tu.koszalin.pl/cgi-bin/koha/opac-detail.pl?biblionumber=32267 _yKatalog online BPK |
||
| 942 |
_2UKD _cKS |
||
| 999 |
_c32267 _d32267 |
||